<?xml version="1.0" encoding="UTF-8"?>
<collection xmlns="http://www.loc.gov/MARC21/slim">
 <record>
  <leader>01336nam a22002177a 4500</leader>
  <controlfield tag="001">NCT_143316</controlfield>
  <controlfield tag="008">181017b        xxu||||| |||| 00| 0 vie d</controlfield>
  <datafield tag="999" ind1=" " ind2=" ">
   <subfield code="c">7379</subfield>
   <subfield code="d">7379</subfield>
  </datafield>
  <datafield tag="020" ind1=" " ind2=" ">
   <subfield code="a">9786049707902</subfield>
   <subfield code="c">150000</subfield>
  </datafield>
  <datafield tag="082" ind1="0" ind2="4">
   <subfield code="2">23rd ed.</subfield>
   <subfield code="a">629.89</subfield>
   <subfield code="b">Th305</subfield>
  </datafield>
  <datafield tag="100" ind1="1" ind2=" ">
   <subfield code="a">Nguyễn Tất Bảo Thiện</subfield>
  </datafield>
  <datafield tag="245" ind1="1" ind2="0">
   <subfield code="a">Lập trình IOT với Arduino ESP8266 &amp; XBEE</subfield>
   <subfield code="c">Nguyễn Tất Bảo Thiện, Phạm Quang Huy</subfield>
  </datafield>
  <datafield tag="260" ind1=" " ind2=" ">
   <subfield code="a">H.</subfield>
   <subfield code="b">Thanh niên</subfield>
   <subfield code="c">2018</subfield>
  </datafield>
  <datafield tag="300" ind1=" " ind2=" ">
   <subfield code="a">480 tr.</subfield>
   <subfield code="b">Minh họa</subfield>
   <subfield code="c">24cm</subfield>
  </datafield>
  <datafield tag="490" ind1="0" ind2=" ">
   <subfield code="a">Tủ sách STK</subfield>
  </datafield>
  <datafield tag="520" ind1="3" ind2=" ">
   <subfield code="a">Sách được biên soạn cho người đã làm quen với Arduino, qua các bài tập thực hành cơ bản điều khiển Led đơn, LCD, Led ma trận, động cơ DC, động cơ servo, động cơ bước nay muốn lập trình hệ thống nhúng cũng như lập trình IOT nâng cao qua những ứng dụng điều khiển và thu nhận dữ liệu từ xa qua truyền không dâu (Wifi) </subfield>
  </datafield>
  <datafield tag="653" ind1=" " ind2=" ">
   <subfield code="a">Công nghệ kỹ thuật ô tô</subfield>
  </datafield>
  <datafield tag="700" ind1="1" ind2=" ">
   <subfield code="a">Phạm Quang Huy</subfield>
  </datafield>
  <datafield tag="942" ind1=" " ind2=" ">
   <subfield code="2">ddc</subfield>
   <subfield code="c">BK</subfield>
  </datafield>
  <datafield tag="952" ind1=" " ind2=" ">
   <subfield code="0">0</subfield>
   <subfield code="1">0</subfield>
   <subfield code="2">ddc</subfield>
   <subfield code="4">0</subfield>
   <subfield code="6">629_890000000000000_TH305</subfield>
   <subfield code="7">0</subfield>
   <subfield code="9">26534</subfield>
   <subfield code="a">000001</subfield>
   <subfield code="b">000001</subfield>
   <subfield code="d">2022-12-19</subfield>
   <subfield code="o">629.89 Th305</subfield>
   <subfield code="p">MD.20934</subfield>
   <subfield code="r">2022-12-19</subfield>
   <subfield code="v">150000.00</subfield>
   <subfield code="w">2022-12-19</subfield>
   <subfield code="y">BK</subfield>
  </datafield>
  <datafield tag="980" ind1=" " ind2=" ">
   <subfield code="a">Thư viện Trường Đại học Nam Cần Thơ</subfield>
  </datafield>
 </record>
</collection>
